| 000 | 00502pab a2200169 454500 | ||
|---|---|---|---|
| 008 | 180718b2010 xxu||||| |||| 00| 0 eng d | ||
| 100 | _aSharma, Manjit | ||
| 245 | _aGrowth and productivity trends in organised manufacturing sector of Punjab: A study of selected industries | ||
| 260 | _c2010 | ||
| 300 | _ap.379-396. | ||
| 362 | _aOct | ||
| 650 | _aPunjab - Manufacturing industries | ||
| 650 | _aManufacturing industry | ||
| 773 | _aIndian Journal of Economics | ||
| 908 | _aN | ||
| 909 | _a91585 | ||
| 999 |
_c91585 _d91585 |
||